000 05487nam a22005297a 4500
005 20080926102322.0
008 080926t xxu||||| |||| 00| h hin d
010 _aHIN-84191 B-321607-619
020 _a9788170564195
_c600.00
035 _aHN-56537
035 _a B-321607-619
035 _a B-358715
037 _bपंचशील प्रकाशन
040 _aDPL
_bHN
082 _a330.954
100 _aमाथुर, रीता
245 _aभारतीय अर्थव्यवस्था /
_cरीता माथुर
246 _aBhartiya Airthvyavastha
_bby Reeta Mathur
260 _aजयपुर
_bपंचशील प्रकाशन
_c2008
260 _b
270 _aफिल्म कॉलोनी,चौड़ा रास्ता,
_bजयपुर
_e302003
270 _b
300 _a328 पृ.
_c22 सेमी. (सजिल्द)
651 _aभारत
_xआर्थिक स्थिति
_y1947
651 _aIndia
_xEconomic conditions
_y1947
651 _2भारत
_xआर्थिक नीति
_y1947
651 _aIndia
_xEconomic policy
_y1947
366 _bभारत पुस्तक भंडार, ई 1/265, सोनिया विहार, ,दिल्ली
942 _2ddc
_cHN
_h330.954
_mमाथुर
999 _c15731
_d15731